[Event "TOP 12 Feminin Phase 1"]
[Site "PARIS, France"]
[Date "2025.05.09"]
[Round "2.1"]
[White "GUICHARD, Pauline"]
[Black "USHENINA, Anna"]
[Result "1-0"]
[WhiteElo "2324"]
[BlackElo "2426"]
[PlyCount "73"]
[EventDate "2025.05.??"]
[WhiteTeam "ASNIERES SUR SEINE"]
[BlackTeam "PARIS"]
[WhiteTeamCountry "FRA"]
[BlackTeamCountry "FRA"]

1. d4 {1} d5 {21} 2. c4 {11} dxc4 {33} 3. e4 {10} b5 {22} 4. a4 {23} c6 {10} 5.
axb5 {23} cxb5 {4} 6. Nc3 {9} Qb6 {5} 7. b3 {73} e6 {43} 8. bxc4 {35} Bb4 {19}
9. Bd2 {40} bxc4 {26} 10. Bxc4 {78} Ne7 {32} 11. Nf3 {139} O-O {26} 12. Na4 {88
} Qb7 {615} 13. O-O {257} Bxd2 {2366} 14. Nc5 {221} Qb4 {816} 15. Ra4 {2124}
Qb6 16. Qxd2 {165} Nd7 {138} 17. Nxd7 {1165} Bxd7 {5} 18. Ra6 {3} Qb7 {41} 19.
Bd3 {327} Bb5 {178} 20. Bxb5 {4} Qxb5 {3} 21. Rfa1 {6} Qb7 {34} 22. Qf4 {136}
Rfd8 {177} 23. h4 {51} Nc6 {52} 24. R6a4 {519} Qb5 {214} 25. Ng5 {165} Rf8 {230
} 26. d5 {204} exd5 {106} 27. Qf5 {3} g6 {6} 28. Qxd5 {3} Rab8 {98} 29. Rc4 {
217} Qb2 {192} 30. Rac1 {64} Nb4 {34} 31. Qd6 {163} Na2 {128} 32. R1c2 {169}
Qb1+ {12} 33. Kh2 {3} Nb4 {63} 34. Nxf7 {277} Nxc2 {35} 35. Nh6+ {5} Kg7 {6}
36. Rc7+ {71} Kxh6 {22} 37. Qe7 {27} 1-0

[Event "TOP 12 Feminin Phase 1"]
[Site "PARIS, France"]
[Date "2025.05.09"]
[Round "2.2"]
[White "ALEXIEVA, Silvia"]
[Black "IGLESIAS, Yosha"]
[Result "1/2-1/2"]
[WhiteElo "2203"]
[BlackElo "2288"]
[PlyCount "54"]
[EventDate "2025.05.??"]
[WhiteTeam "PARIS"]
[BlackTeam "ASNIERES SUR SEINE"]
[WhiteTeamCountry "FRA"]
[BlackTeamCountry "FRA"]

1. c4 {4} c6 {6} 2. Nf3 {14} d5 {39} 3. e3 {13} Nf6 {21} 4. Nc3 {41} e6 {41} 5.
b3 {204} Bd6 {60} 6. Bb2 {33} O-O {45} 7. Qc2 {134} e5 {135} 8. cxd5 {528} cxd5
{30} 9. Nb5 {52} Nc6 {50} 10. Nxd6 {6} Qxd6 {5} 11. d4 {579} Nb4 {243} 12. Qd2
{638} Ne4 {246} 13. Qd1 {264} Qc7 {455} 14. Bd3 {186} Nxd3+ {57} 15. Qxd3 {16}
Bf5 {33} 16. Qe2 {443} Qa5+ {55} 17. Kf1 {85} Rac8 {152} 18. Ne1 {156} Bd7 {
1271} 19. Kg1 {311} Bb5 {334} 20. Qd1 {36} Nc3 {886} 21. Bxc3 {33} Qxc3 {13}
22. dxe5 {84} Qxe5 {6} 23. Nf3 {137} Qb2 {22} 24. Nd4 {201} Bd3 {235} 25. h3 {
118} Be4 {160} 26. f3 {377} Bg6 {281} 27. Kh2 {29} Rfe8 {280} 1/2-1/2

[Event "TOP 12 Feminin Phase 1"]
[Site "PARIS, France"]
[Date "2025.05.09"]
[Round "2.3"]
[White "GAPONENKO, Inna"]
[Black "MAISURADZE, Nino"]
[Result "1-0"]
[WhiteElo "2318"]
[BlackElo "2154"]
[PlyCount "129"]
[EventDate "2025.05.??"]
[WhiteTeam "ASNIERES SUR SEINE"]
[BlackTeam "PARIS"]
[WhiteTeamCountry "FRA"]
[BlackTeamCountry "FRA"]

1. e4 {2} e6 {75} 2. d4 {54} d5 {5} 3. Nc3 {388} Nf6 {41} 4. e5 {185} Nfd7 {16}
5. f4 {6} c5 {21} 6. Nf3 {7} Nc6 {147} 7. Be3 {8} Be7 {117} 8. Qd2 {589} a6 {
206} 9. a3 {1641} b5 {45} 10. dxc5 {535} Nxc5 {406} 11. b4 {181} Nd7 {143} 12.
Bd3 {263} Nb6 {86} 13. Qf2 {178} Nc4 {380} 14. Bxc4 {9} bxc4 {41} 15. Ne2 {41}
Bd7 {91} 16. O-O {124} O-O {37} 17. c3 {115} f6 {316} 18. Ned4 {120} Nxd4 {49}
19. Bxd4 {12} Be8 {259} 20. Rfe1 {214} Qd7 {119} 21. exf6 {790} Bxf6 {192} 22.
Qe3 {22} Bg6 {1293} 23. Qxe6+ {227} Qxe6 {9} 24. Rxe6 {2} Bxd4+ {57} 25. Nxd4 {
2} Rxf4 {8} 26. Rf1 {84} Re4 {353} 27. Rxe4 {295} dxe4 {325} 28. Kf2 {8} Rf8+ {
53} 29. Ke2 {8} Bh5+ {117} 30. Ke1 {2} Rd8 {1258} 31. Kd2 {4} Bf7 {54} 32. Ke3
{4} Bd5 {10} 33. a4 {6} Rd6 {64} 34. Nf5 {211} Rd7 {21} 35. Nd4 {18} Rd6 {6}
36. a5 {4} g6 {9} 37. g4 {46} Kg7 {16} 38. g5 {4} h6 {44} 39. h4 {81} hxg5 {3}
40. hxg5 {3} Bb7 {61} 41. Rf4 {91} Ba8 {59} 42. Rf1 {26} Bb7 {17} 43. Rf2 {24}
Ba8 {6} 44. Rd2 {28} Kf7 {33} 45. Nb3 {23} Re6 {82} 46. Nc5 {18} Re5 {24} 47.
Rd7+ {74} Ke8 {35} 48. Rg7 {4} Bd5 {32} 49. Rxg6 {5} Rf5 {10} 50. Kd4 {74} Bf7
{53} 51. Rxa6 {9} Rxg5 {14} 52. Ra8+ {19} Ke7 {5} 53. Ra7+ {8} Ke8 {17} 54. a6
{39} e3 {86} 55. Kxe3 {17} Rg3+ {26} 56. Kd4 {6} Rg4+ {8} 57. Ke5 {11} Rg5+ {7}
58. Kf4 {46} Rh5 {38} 59. Rxf7 {118} Kxf7 {17} 60. a7 {2} Rh8 {83} 61. b5 {5}
Ke7 {28} 62. b6 {20} Rf8+ {28} 63. Ke5 {15} Rc8 {38} 64. b7 {32} Rxc5+ {9} 65.
Kd4 {5} 1-0

[Event "TOP 12 Feminin Phase 1"]
[Site "PARIS, France"]
[Date "2025.05.09"]
[Round "2.4"]
[White "HAMDOUCHI, Adina-Maria"]
[Black "NICOARA, Malina"]
[Result "1-0"]
[WhiteElo "2164"]
[BlackElo "2042"]
[PlyCount "77"]
[EventDate "2025.05.??"]
[WhiteTeam "PARIS"]
[BlackTeam "ASNIERES SUR SEINE"]
[WhiteTeamCountry "FRA"]
[BlackTeamCountry "FRA"]

1. Nf3 {2} Nf6 {30} 2. g3 {9} g6 {16} 3. b3 {18} Bg7 {11} 4. Bb2 {3} d6 {18} 5.
d4 {11} O-O {33} 6. Bg2 {10} Nbd7 {47} 7. O-O {36} c6 {62} 8. c4 {85} Qc7 {168}
9. Nc3 {42} e5 {44} 10. e4 {43} Re8 {257} 11. Re1 {65} a5 {1590} 12. h3 {420}
h6 {598} 13. Qd2 {327} Nh7 {679} 14. Rad1 {221} exd4 {1032} 15. Nxd4 {24} Nc5 {
4} 16. Kh2 {317} Bd7 {364} 17. f4 {786} Rad8 {59} 18. Qc2 {286} Bc8 {24} 19. a3
{53} Qb6 {200} 20. Nce2 {965} Nf8 {11} 21. Bc3 {173} Qc7 {345} 22. b4 {113}
axb4 {4} 23. axb4 {4} Nce6 {7} 24. Nf3 {124} Bxc3 {32} 25. Nxc3 {301} Ng7 {4}
26. Nd4 {562} Qb6 {84} 27. Qb2 {216} Nfe6 {6} 28. Nde2 {402} Nf8 {61} 29. Nd4 {
129} Nfe6 {6} 30. Nf3 {28} Nf8 {128} 31. e5 {168} dxe5 {3} 32. c5 {24} Qc7 {19}
33. Ne4 {68} Rxd1 {41} 34. Nf6+ {91} Kh8 {3} 35. Nxe8 {24} Qd8 {62} 36. Rxd1 {
37} Qxd1 {19} 37. Qxe5 {11} Nfe6 {18} 38. Nd6 {41} Bd7 {49} 39. Nxf7+ {49} 1-0

[Event "TOP 12 Feminin Phase 1"]
[Site "PARIS, France"]
[Date "2025.05.09"]
[Round "2.5"]
[White "BELLAHCENE, Sofia"]
[Black "GARCIA MARTIN, Marta"]
[Result "0-1"]
[WhiteElo "2094"]
[BlackElo "2324"]
[PlyCount "140"]
[EventDate "2025.05.??"]
[WhiteTeam "BISCHWILLER"]
[BlackTeam "MARSEILLE"]

1. e4 {264} c5 {12} 2. Nf3 {19} Nc6 {10} 3. Bb5 {34} d6 {133} 4. O-O {120} Bd7
{23} 5. Re1 {126} Nf6 {50} 6. c3 {66} a6 {47} 7. Bf1 {22} Bg4 {88} 8. Na3 {392}
e6 {1154} 9. Nc2 {268} Be7 {152} 10. d3 {275} O-O {198} 11. h3 {74} Bh5 {27}
12. g4 {75} Bg6 {13} 13. Nh4 {95} Nd7 {459} 14. Ng2 {169} e5 {425} 15. Nce3 {
193} Bg5 {55} 16. Nd5 {375} Bxc1 {471} 17. Qxc1 {210} f6 {40} 18. Nh4 {444} Nb6
{427} 19. f4 {623} Bf7 {215} 20. Bg2 {111} Ne7 {1112} 21. Nxe7+ {194} Qxe7 {4}
22. Nf5 {45} Qc7 {10} 23. c4 {41} Rae8 {279} 24. g5 {257} Be6 {278} 25. g6 {306
} hxg6 {47} 26. Nh4 {17} Kf7 {360} 27. f5 {304} gxf5 {5} 28. exf5 {6} Bd7 {36}
29. Qd1 {4} Rh8 {35} 30. Qg4 {63} Rh6 {57} 31. Re3 {165} Rg8 {101} 32. Ng6 {78}
Ke8 {47} 33. Nf4 {210} g5 {18} 34. Nd5 {86} Nxd5 {18} 35. Bxd5 {10} Rgh8 {5}
36. Rf1 {159} Kd8 {42} 37. Qg2 {57} Kc8 {51} 38. Rg3 {149} Kb8 {34} 39. Rff3 {
119} Ka7 {34} 40. Rg4 {34} Bc6 {30} 41. Bxc6 {28} Qxc6 {5} 42. Re4 {25} Qd7 {50
} 43. a3 {37} Qc6 {37} 44. Rg3 {102} Rd8 {31} 45. b3 {120} Qb6 {26} 46. Qc2 {24
} Rh7 {41} 47. Reg4 {47} d5 {25} 48. Kh2 {35} Rhd7 {27} 49. cxd5 {57} Rxd5 {5}
50. Rc4 Qd6 {24} 51. Qf2 {45} b6 {47} 52. b4 {55} cxb4 {8} 53. axb4 {31} Rd4 {
66} 54. b5 {54} Rxc4 {34} 55. dxc4 {2} Qd2 {35} 56. Qxd2 {61} Rxd2+ {3} 57. Kg1
{3} Rd4 {48} 58. Ra3 {43} Rxc4 {11} 59. bxa6 {23} Rf4 {43} 60. Kg2 {5} Rxf5 {6}
61. Kg3 {12} Rf4 {9} 62. Ra1 {39} b5 {37} 63. Ra5 {15} b4 {7} 64. Kg2 {19} e4 {
45} 65. Kg3 {79} e3 {22} 66. Ra2 {2} Rf2 {90} 67. Ra4 {1} b3 {35} 68. Ra3 {64}
b2 {21} 69. Rb3 {20} Rc2 {18} 70. Kf3 {17} e2 {3} 0-1

[Event "TOP 12 Feminin Phase 1"]
[Site "PARIS, France"]
[Date "2025.05.09"]
[Round "2.6"]
[White "DELORME, Laurie"]
[Black "BELLAHCENE, Meriem"]
[Result "1-0"]
[WhiteElo "2070"]
[BlackElo "1910"]
[PlyCount "105"]
[EventDate "2025.05.??"]
[WhiteTeam "MARSEILLE"]
[BlackTeam "BISCHWILLER"]
[WhiteTeamCountry "FRA"]
[BlackTeamCountry "FRA"]

1. d4 {3} e6 {7} 2. c4 {342} Nf6 {10} 3. Nc3 {31} d5 {7} 4. cxd5 {23} exd5 {2}
5. Bg5 {6} Be7 {5} 6. e3 {5} h6 {8} 7. Bh4 {309} c6 {6} 8. Qc2 {19} Nbd7 {5} 9.
Bd3 {52} O-O {9} 10. Nge2 {313} Re8 {18} 11. O-O {25} Ne4 {41} 12. Bxe7 {1100}
Qxe7 {146} 13. Rae1 {500} Ndf6 {127} 14. f3 {201} Nxc3 {272} 15. Nxc3 {7} Qd6 {
16} 16. Qf2 {193} Be6 {376} 17. h3 {92} Rad8 {187} 18. Rc1 {585} a6 {423} 19.
Na4 {264} Nh5 {480} 20. Nc5 {233} Bc8 {43} 21. a3 {96} Re7 {237} 22. Rfe1 {186}
Ng3 {410} 23. b4 {323} Nf5 {801} 24. g4 {198} Nxe3 {455} 25. Rxe3 {7} Rxe3 {2}
26. Qxe3 {7} Qg3+ {2} 27. Kf1 {9} Qxh3+ {13} 28. Ke1 {419} b6 {537} 29. Nb3 {29
} Bxg4 {22} 30. Kd2 {470} Bd7 {404} 31. Re1 {31} Qh4 {223} 32. Kc3 {163} Kf8 {
23} 33. Qe5 {32} Be6 {215} 34. Re2 {20} Qh1 {198} 35. Qg3 {69} c5 {230} 36.
bxc5 {60} bxc5 {2} 37. Nxc5 {12} Qa1+ {25} 38. Kd2 {93} Qxd4 {203} 39. Qc7 {11}
Re8 {61} 40. Qd6+ {21} Kg8 {1} 41. Nxe6 {15} fxe6 {225} 42. Rxe6 {40} Qf2+ {2}
43. Re2 {22} Rxe2+ {57} 44. Bxe2 {4} Qd4+ {31} 45. Kc2 {30} a5 {69} 46. Qd8+ {
12} Kf7 {17} 47. Qxa5 {32} h5 {53} 48. Qc3 {61} Qa4+ {10} 49. Kd2 {42} d4 {54}
50. Qc4+ {18} Qxc4 {13} 51. Bxc4+ {4} Ke7 {11} 52. f4 {57} h4 {24} 53. Kd3 {13}
1-0

[Event "TOP 12 Feminin Phase 1"]
[Site "PARIS, France"]
[Date "2025.05.09"]
[Round "2.7"]
[White "BELLAHCENE, Jenna"]
[Black "BERNARD, Ines"]
[Result "0-1"]
[WhiteElo "1845"]
[BlackElo "2077"]
[PlyCount "88"]
[EventDate "2025.05.??"]
[WhiteTeam "BISCHWILLER"]
[BlackTeam "MARSEILLE"]
[WhiteTeamCountry "FRA"]
[BlackTeamCountry "FRA"]

1. e4 {1} c5 {1} 2. d4 {7} cxd4 {3} 3. Qxd4 {5} Nc6 {3} 4. Qd3 {6} g6 {14} 5.
Nf3 {25} Bg7 {4} 6. Be2 {95} d6 {5} 7. O-O {100} Nf6 {63} 8. Nc3 {13} Bg4 {68}
9. Nd5 {73} Nd7 {13} 10. c3 {26} Bxf3 {56} 11. Qxf3 {214} O-O {327} 12. Rd1 {
151} a6 {131} 13. Bg5 {1047} h6 {503} 14. Bh4 {286} Re8 {250} 15. a4 {247} Rc8
{192} 16. Bg3 {351} Nce5 {386} 17. Qe3 {174} Nc4 {31} 18. Qc1 {110} b5 {381}
19. Ne3 {735} Nc5 {265} 20. Bxc4 {81} bxc4 {130} 21. Qc2 {11} Nb3 {298} 22. Ra3
{245} Qc7 {18} 23. Nd5 {451} Qb7 {24} 24. Qe2 {27} Nc5 {352} 25. Raa1 {638} Nd3
{245} 26. Rab1 {54} Rb8 {490} 27. Rd2 {262} Qb3 {416} 28. Qd1 {443} Qxd1+ {171}
29. Rdxd1 {1} Nxb2 {409} 30. Rd2 {43} Nxa4 {60} 31. Nxe7+ {148} Kh7 {4} 32.
Rxb8 {21} Rxb8 33. h3 {13} Nxc3 {131} 34. f3 {172} Rb1+ {38} 35. Kh2 {2} Nb5 {8
} 36. Rc2 {66} c3 {5} 37. e5 {4} Bxe5 {25} 38. Bxe5 {3} dxe5 39. Nc6 {12} Rb2 {
17} 40. Rc1 {17} c2 {17} 41. Nxe5 {6} Nd4 {6} 42. Nd3 {15} Rb3 {29} 43. Ne1 {26
} Rb1 {8} 44. Nd3 {8} a5 {6} 0-1

[Event "TOP 12 Feminin Phase 1"]
[Site "PARIS, France"]
[Date "2025.05.09"]
[Round "2.8"]
[White "CORNILEAU, Juliette"]
[Black "GE, Charlene"]
[Result "1-0"]
[WhiteElo "2076"]
[BlackElo "1864"]
[PlyCount "117"]
[EventDate "2025.05.??"]
[WhiteTeam "MARSEILLE"]
[BlackTeam "BISCHWILLER"]
[WhiteTeamCountry "FRA"]
[BlackTeamCountry "FRA"]

1. e4 {2} c5 {5} 2. Nf3 {3} e6 {10} 3. d4 {7} cxd4 {4} 4. Qxd4 {7} Nc6 {43} 5.
Qe3 {27} b6 {158} 6. Nc3 {219} Bc5 {95} 7. Qe2 {208} Nge7 {341} 8. e5 {1060}
Nf5 {510} 9. Ne4 {277} Be7 {289} 10. g4 {266} Nfd4 {354} 11. Nxd4 {7} Nxd4 {5}
12. Qd3 {422} Nc6 {288} 13. Bf4 {480} Nb4 {245} 14. Qd2 {96} Bb7 {147} 15. Bg2
{104} Qc8 {906} 16. c3 {847} Qc4 {1052} 17. b3 {279} Qb5 {435} 18. Rd1 {679}
Bxe4 {174} 19. Bxe4 {19} Rd8 {20} 20. a4 {304} Qa5 {22} 21. O-O {20} Nc6 {86}
22. b4 {309} Qxa4 {237} 23. Qd3 {111} a6 {304} 24. Ra1 {271} Qb5 {7} 25. Rxa6
Qxd3 {72} 26. Bxd3 {2} Rb8 {59} 27. Be4 {79} O-O {58} 28. Rd1 {19} Rfd8 {82}
29. b5 {74} Na5 {19} 30. Ra7 {8} Bc5 {178} 31. Rdxd7 {25} Rxd7 {33} 32. Rxd7
Nc4 {19} 33. Kg2 {67} h6 {78} 34. Bc6 {31} g5 {19} 35. Bg3 {12} Nb2 {38} 36. h4
{41} Na4 {24} 37. hxg5 {43} hxg5 {9} 38. Rd3 {26} Nb2 {57} 39. Rd2 {24} Na4 {44
} 40. c4 {30} Bb4 {37} 41. Rd1 {51} Nb2 {38} 42. Rb1 {23} Ba3 {9} 43. f4 {39}
gxf4 {24} 44. Bxf4 {8} Nxc4 {11} 45. Be4 {37} Kg7 {35} 46. Bd3 {32} Na5 {17}
47. Bg5 {40} Kf8 {110} 48. Rh1 {42} Ke8 {7} 49. Rh8+ {40} Bf8 {5} 50. Bf6 {26}
Kd7 {46} 51. Be4 {23} Rc8 {59} 52. Rh7 {27} Ke8 {17} 53. g5 {24} Rc4 {24} 54.
Kf3 {47} Rc3+ {25} 55. Kf4 {4} Rc1 {25} 56. g6 {8} Rf1+ {54} 57. Ke3 {71} Bc5+
{36} 58. Ke2 {10} Rf2+ {15} 59. Ke1 1-0

[Event "TOP 12 Feminin Phase 1"]
[Site "PARIS, France"]
[Date "2025.05.09"]
[Round "2.9"]
[White "VEGA GUTERRIEZ, Sabrina"]
[Black "OSMAK, Yuliia"]
[Result "1-0"]
[WhiteElo "2382"]
[BlackElo "2471"]
[PlyCount "123"]
[EventDate "2025.05.??"]
[WhiteTeam "MULHOUSE"]
[BlackTeam "CHARTRES"]
[WhiteTeamCountry "FRA"]
[BlackTeamCountry "FRA"]

1. e4 {2} c5 {6} 2. Nf3 {6} d6 {3} 3. d4 {6} cxd4 {4} 4. Nxd4 {7} Nf6 {3} 5.
Nc3 {14} a6 {3} 6. g3 {11} e5 {10} 7. Nf3 {12} h6 {438} 8. Bg2 {69} Be7 {61} 9.
Nh4 {49} g6 {684} 10. O-O {193} b5 {341} 11. a4 {101} b4 {24} 12. Nd5 {25} Nxd5
{125} 13. Qxd5 {49} Ra7 {80} 14. Be3 {45} Rb7 {511} 15. f4 {1264} Nd7 {386} 16.
f5 {897} g5 {1834} 17. Ng6 {119} Rg8 {17} 18. Rad1 {281} Qc7 {217} 19. Nxe7 {
350} Kxe7 {9} 20. Qd3 {1218} Rb8 {139} 21. c4 {79} Bb7 {532} 22. f6+ {93} Nxf6
{27} 23. c5 {13} dxc5 {59} 24. Qc4 {60} Rbc8 {110} 25. Rc1 {3} Rg6 {289} 26.
Bxc5+ {154} Ke8 {5} 27. Qxb4 {40} Nd7 {49} 28. Be3 {76} Qb8 {193} 29. Qb3 {453}
Rf6 {12} 30. Bh3 {290} Rxc1 {33} 31. Rxc1 {14} Rd6 {99} 32. Bg4 {333} Kf8 {65}
33. Rf1 {26} Nf6 {29} 34. Bh5 {51} Qc7 {21} 35. Rc1 {34} Rc6 {15} 36. Rxc6 {29}
Bxc6 {2} 37. Bf3 {17} Kg7 {13} 38. Qc3 {15} Qd6 {25} 39. Qc4 {37} g4 {67} 40.
Be2 {29} Bxe4 {34} 41. Qxa6 {11} Bc6 {4} 42. Qc4 {44} Bd5 {52} 43. Qc5 {14} Qd7
{31} 44. Qc3 {51} Qf5 {26} 45. Qd3 {15} Be4 {21} 46. Qd2 {23} Bc6 {35} 47.
Bxh6+ {74} Kg6 {7} 48. Bd3 {12} Be4 {98} 49. Bxe4 {31} Nxe4 {4} 50. Qe3 {16}
Nf6 {30} 51. a5 {48} Nd5 {61} 52. Qd2 {19} Qb1+ {32} 53. Qc1 {24} Qf5 {9} 54.
a6 {28} Qf6 {42} 55. a7 {20} Nb6 {37} 56. Be3 {33} Na8 {26} 57. Qc2+ {60} Kg7 {
32} 58. Qe4 {10} Qd8 {32} 59. Qxg4+ {17} Kh7 {31} 60. Qf5+ {17} Kg8 {13} 61.
Qg5+ {58} Qxg5 {5} 62. Bxg5 {4} 1-0

[Event "TOP 12 Feminin Phase 1"]
[Site "PARIS, France"]
[Date "2025.05.09"]
[Round "2.10"]
[White "DAULYTE-CORNETTE, Deimante"]
[Black "NAVROTESCU, Andreea"]
[Result "1-0"]
[WhiteElo "2396"]
[BlackElo "2323"]
[PlyCount "101"]
[EventDate "2025.05.??"]
[WhiteTeam "CHARTRES"]
[BlackTeam "MULHOUSE"]
[WhiteTeamCountry "FRA"]
[BlackTeamCountry "FRA"]

1. e4 {3} c5 {4} 2. Nc3 {12} Nc6 {5} 3. Bb5 {43} Nd4 {9} 4. Nf3 {87} a6 {65} 5.
Bd3 {30} g6 {28} 6. O-O {103} Bg7 {21} 7. Re1 {51} d6 {22} 8. Nxd4 {34} cxd4 {
10} 9. Ne2 {16} e5 {864} 10. c3 {310} Ne7 {21} 11. cxd4 {175} exd4 {10} 12. Bc4
{69} O-O {46} 13. Nf4 {68} b5 {109} 14. Bb3 {29} Bb7 {34} 15. d3 {123} a5 {1330
} 16. a3 {112} Qb6 {443} 17. h4 {429} h6 {376} 18. h5 {678} g5 {226} 19. Ng6 {
17} Rfe8 {40} 20. f4 {411} d5 {669} 21. Nxe7+ {784} Rxe7 {2} 22. exd5 {11} Rae8
{387} 23. Rxe7 {366} Rxe7 {3} 24. fxg5 {38} Qd6 {155} 25. Qf3 {319} Bc8 {541}
26. Bd2 {229} Re5 {446} 27. Bf4 {659} hxg5 {2} 28. Bxe5 {6} Bxe5 {5} 29. Rf1 {
272} Bf4 {136} 30. Kh1 {60} Qd7 {177} 31. d6 {336} Qxd6 {92} 32. Qd5 {90} Qxd5
{62} 33. Bxd5 {4} Kg7 {19} 34. g3 {286} Bxg3 {12} 35. Rxf7+ {48} Kh6 {1} 36.
Kg2 {37} Bf4 {33} 37. Be4 {135} Kxh5 {26} 38. Bf5 {17} Bxf5 {103} 39. Rxf5 {4}
a4 {17} 40. Rxb5 {6} Bc1 {5} 41. Rb4 {10} Kg6 {24} 42. Rxd4 {12} Bxb2 {11} 43.
Rxa4 {3} Kf5 {20} 44. Kf3 {7} Ke5 {5} 45. Re4+ {29} Kd5 {7} 46. a4 {8} Kc5 {10}
47. Kg4 {17} Bf6 {61} 48. Kf5 {19} Bd8 {4} 49. Ke6 {41} Bc7 {17} 50. Rc4+ {19}
Kb6 {5} 51. a5+ {5} 1-0

[Event "TOP 12 Feminin Phase 1"]
[Site "PARIS, France"]
[Date "2025.05.09"]
[Round "2.11"]
[White "HAUSSERNOT, Cecile"]
[Black "SCHIPPKE, Manon"]
[Result "0-1"]
[WhiteElo "2108"]
[BlackElo "2161"]
[PlyCount "124"]
[EventDate "2025.05.??"]
[WhiteTeam "MULHOUSE"]
[BlackTeam "CHARTRES"]
[WhiteTeamCountry "FRA"]
[BlackTeamCountry "FRA"]

1. e4 {5} e5 {6} 2. Nf3 {32} Nc6 {5} 3. Bb5 {9} a6 {4} 4. Ba4 {4} Nge7 {6} 5.
d4 {320} exd4 {6} 6. Nxd4 {13} Nxd4 {32} 7. Qxd4 {4} Nc6 {18} 8. Qe3 {233} b5 {
439} 9. Bb3 {5} Na5 {36} 10. Qg3 {86} Nxb3 {158} 11. axb3 {283} d6 {379} 12.
Nc3 {297} Bb7 {114} 13. O-O {63} Qd7 {543} 14. Nd5 {280} f5 {270} 15. Qc3 {326}
Bxd5 {339} 16. exd5 {94} Kf7 {2} 17. Be3 {66} Be7 {57} 18. Bd4 {16} Bf6 {508}
19. Bxf6 {111} gxf6 {2} 20. Qh3 {254} Kg6 {52} 21. b4 {88} Rhe8 {130} 22. Ra3 {
1210} h6 {169} 23. Rg3+ {237} Kh7 {5} 24. Qh5 {51} Rg8 {5} 25. Re1 {54} Rg5 {
206} 26. Rxg5 {330} fxg5 {4} 27. h4 {5} Rg8 {143} 28. Re6 {53} Qg7 {14} 29. Qe2
{55} Qxb2 {267} 30. Qh5 {239} Qg7 {242} 31. Qe2 {11} Qa1+ {205} 32. Kh2 {5} Qd4
{5} 33. h5 {526} Qxd5 {74} 34. g3 {72} Rg7 {140} 35. c3 {147} Rf7 {405} 36. Re8
{65} Kg7 {79} 37. Re6 {512} f4 {340} 38. g4 {161} f3 {370} 39. Qe3 {129} Qc4 {
47} 40. Rg6+ {6} Kf8 {219} 41. Qa7 {13} Ke7 {50} 42. Rg8 {139} Qxg4 {238} 43.
Qxc7+ {8} Qd7 {7} 44. Qb6 {47} Qf5 {73} 45. Qd8+ {77} Ke6 {6} 46. Rg6+ {12} Rf6
{17} 47. Qg8+ {52} Ke5 {13} 48. Qe8+ {1} Kd5 {75} 49. Qg8+ {57} Re6 {25} 50.
Qa8+ {22} Kc4 {17} 51. Qc8+ {19} Kd5 {145} 52. Qb7+ {39} Ke5 {32} 53. Qg7+ {37}
Rf6 {26} 54. Qe7+ {9} Qe6 {42} 55. Qg7 Kf5 {33} 56. Qh7 {61} Rxg6 {16} 57. hxg6
{4} Qxg6 {8} 58. Qd7+ {23} Qe6 {10} 59. Qh7+ {4} Kg4 {16} 60. Qb1 {13} Kh4 {30}
61. Qf1 {50} Qg4 {30} 62. Qh1 {15} Qh3+ {4} 0-1

[Event "TOP 12 Feminin Phase 1"]
[Site "PARIS, France"]
[Date "2025.05.09"]
[Round "2.12"]
[White "TOMASI, Elise"]
[Black "CIARLETTA, Iris"]
[Result "1/2-1/2"]
[WhiteElo "2087"]
[BlackElo "2009"]
[PlyCount "177"]
[EventDate "2025.05.??"]
[WhiteTeam "CHARTRES"]
[BlackTeam "MULHOUSE"]
[WhiteTeamCountry "FRA"]
[BlackTeamCountry "FRA"]

1. d4 {12} Nf6 {17} 2. Nf3 {11} e6 {32} 3. g3 {22} c5 {55} 4. Bg2 {57} cxd4 {26
} 5. O-O {46} d5 {44} 6. Nxd4 {197} e5 {16} 7. Nf3 {103} Nc6 {28} 8. b3 {203}
h6 {668} 9. Bb2 {133} Bd6 {163} 10. Nfd2 {914} O-O {891} 11. h3 {1291} Be6 {547
} 12. c4 {813} d4 {1071} 13. Kh2 {420} Qd7 {219} 14. Ba3 {98} Rad8 {522} 15.
Bxd6 {204} Qxd6 {13} 16. Qc1 {11} Nd7 {332} 17. Rd1 {398} f5 {134} 18. Nf1 {7}
e4 {190} 19. Na3 {212} Qe5 {217} 20. f4 {230} Qc5 {249} 21. Rb1 {37} Nb4 {170}
22. Qb2 {62} d3 {28} 23. Nb5 {130} dxe2 {84} 24. Qxe2 {12} Nf6 {44} 25. Nc3 {
184} Bf7 {167} 26. Qe3 {46} Qa5 {72} 27. Qe2 {197} Bh5 {54} 28. g4 {26} fxg4 {
35} 29. Ng3 {71} gxh3 {5} 30. Nxh5 {8} Nxh5 {38} 31. Bxe4 {79} Nxf4 {33} 32.
Qg4 {20} Qe5 {26} 33. Qg3 {1} Nc6 {159} 34. Rf1 {101} Rd2+ {22} 35. Kh1 {1} Rg2
{43} 36. Qe3 {47} g5 {37} 37. Rbe1 {68} Ne2 {45} 38. Bd5+ {31} Qxd5 {21} 39.
cxd5 {53} Ng3+ {13} 40. Qxg3 {4} Rxg3 {35} 41. Rxf8+ {19} Kxf8 {14} 42. dxc6 {
14} bxc6 {16} 43. Ne4 {24} Rg2 {10} 44. a4 {62} g4 {11} 45. Rg1 {41} Rb2 {29}
46. Rxg4 {42} Rxb3 {5} 47. Nd6 {21} c5 {58} 48. a5 {46} Ke7 {34} 49. Nc8+ {34}
Kd7 {69} 50. Nxa7 {5} Rb1+ {36} 51. Kh2 {5} Ra1 {7} 52. Rg7+ {14} Kd6 {19} 53.
Rg6+ {23} Kd5 {31} 54. a6 {8} c4 {6} 55. Nc6 {79} c3 {31} 56. a7 {75} c2 {105}
57. Nb4+ {3} Ke4 {34} 58. Nxc2 {41} Rxa7 {10} 59. Kxh3 {35} Rc7 {49} 60. Nb4 {
18} h5 {34} 61. Nc6 {24} Kd5 {18} 62. Nb4+ {12} Kc4 {34} 63. Nc2 {20} Kd3 {7}
64. Ne1+ {8} Ke4 {19} 65. Ng2 {40} Rc5 {30} 66. Rf6 {22} Rg5 {41} 67. Rf4+ {19}
Ke5 {11} 68. Ra4 {4} Rf5 {27} 69. Kh4 {38} Rf2 {16} 70. Kg3 {5} Rb2 {37} 71.
Nh4 {5} Rb3+ {18} 72. Nf3+ {7} Kd6 {10} 73. Ra6+ {16} Kd5 {37} 74. Ra5+ {6} Kd6
{3} 75. Rxh5 {6} Rb4 {7} 76. Kf2 {6} Ke6 {8} 77. Ke3 {5} Kf6 {21} 78. Nd4 {6}
Rb1 {20} 79. Rf5+ {21} Kg6 {6} 80. Rf2 {19} Kg5 {27} 81. Ke4 {23} Re1+ {36} 82.
Kd5 {14} Rd1 {16} 83. Re2 {35} Ra1 {18} 84. Ke4 {12} Kf6 {9} 85. Rf2+ {14} Ke7
{15} 86. Rf5 {11} Re1+ {18} 87. Kd5 {3} Rd1 {5} 88. Rf2 {17} Rd3 {25} 89. Ke4 {
21} 1/2-1/2